Normal view
MARC view
- فقه شافعي - فقه مقارن - الفقه الاسلامي
Entry Topical Term
001 - CONTROL NUMBER
- control field: 46701
003 - CONTROL NUMBER IDENTIFIER
- control field: JO-AjAnu
005 - DATE AND TIME OF LATEST TRANSACTION
- control field: 20230606081721.0
008 - FIXED-LENGTH DATA ELEMENTS
- fixed length control field: 230606|| aca||aabn | a|a d
040 ## - CATALOGING SOURCE
- Original cataloging agency: JO-AjAnu
- Transcribing agency: JO-AjAnu
150 ## - HEADING--TOPICAL TERM
- Topical term or geographic name entry element: فقه شافعي - فقه مقارن - الفقه الاسلامي
670 ## - SOURCE DATA FOUND
- Source citation: Work cat.: (JO-AjAnu)23904: تاليف البيضاوى، عبدالله بن عمر؛ دراسة وتحقيق وتعليق علي محي الدين على القره داغي, author 46700, الغايه القصوى في دراية الفتوى، ج1